ბათუმის შოთა რუსთაველის სახელმწიფო უნივერსიტეტის ბიბლიოთეკა

ვეფხისტყაოსნის მხატვრული ენის სპეციფიკურობის პრობლემა (ბიბ.ჩანაწერი № 51105)

000 -LEADER
fixed length control field 01098nam a2200229Ia 4500
001 - CONTROL NUMBER
control field 18062
003 - CONTROL NUMBER IDENTIFIER
control field GE_BSU
008 - FIXED-LENGTH DATA ELEMENTS--GENERAL INFORMATION
fixed length control field 181216s||||||||xx |||||||||||||| ||und||
040 ## - CATALOGING SOURCE
Transcribing agency GE_BSU
080 ## - UNIVERSAL DECIMAL CLASSIFICATION NUMBER
Universal Decimal Classification number 821.353.1.09-13
100 ## - MAIN ENTRY--PERSONAL NAME
Personal name ღლონტი, შალვა
245 ## - TITLE STATEMENT
Title ვეფხისტყაოსნის მხატვრული ენის სპეციფიკურობის პრობლემა
245 ## - TITLE STATEMENT
Statement of responsibility, etc. რედ. აკ. ჩხარტიშვილი
260 ## - PUBLICATION, DISTRIBUTION, ETC.
Place of publication, distribution, etc. სოხუმი
260 ## - PUBLICATION, DISTRIBUTION, ETC.
Name of publisher, distributor, etc. აფხაზეთის სახელმწიფო გამომცემლობა
260 ## - PUBLICATION, DISTRIBUTION, ETC.
Date of publication, distribution, etc. 1961
300 ## - PHYSICAL DESCRIPTION
Extent 313გვ. 21სმ.
300 ## - PHYSICAL DESCRIPTION
Accompanying material ბიბლიოგრ.: გვ. 305-310. პირთა საძიებელი გვ.311-313
653 ## - INDEX TERM--UNCONTROLLED
Uncontrolled term ვეფხისტყაოსნის მხატვრული ენის სპეციფიკურობის პრობლემა
653 ## - INDEX TERM--UNCONTROLLED
Uncontrolled term ვეფხისტყაოსნის" მხატვრული ენა
942 ## - ADDED ENTRY ELEMENTS (KOHA)
Koha item type წიგნი
ეგზემპლარები
Withdrawn status Lost status Damaged status Not for loan Date acquired Barcode Date last seen Price effective from Koha item type
        2018-12-17 46042 2018-12-17 2018-12-17 წიგნი